• 首页
  • 本馆介绍
  • 公告通知
  • 最新文献
  • 馆藏检索
  • 电子资源
  • 读者导购
  • 参考咨询
  • 我的图书馆
  • 登录
  • 详细信息显示
  • 放入我的书架
  • 预约/预借图书
  • 作者相关作品
  • 分类相关作品
  • 丛书相关作品
  • 出版社相关作品

书目信息

  • 表格格式
  • 工作单格式
  • 卡片格式
题名:
消费者如何保护自己的权益
    
 
作者: 李贵方 , 杨震华 主编
分册:  
出版信息: 长春   吉林人民出版社  1999.09
页数: 164页
开本: 19cm
丛书名:
单 册:
中图分类: D92-44
科图分类:
主题词: 法律--中国
电子资源:
ISBN: 7-206-03322-9
000 00668nam0 2200217 450
001 0430745751
005 20041016083225.58
010    @a7-206-03322-9@dCNY7.00
100    @a20041018d1999 km y0chiy0120 ea
101 0  @achi
102    @aCN@b220000
200 1  @a消费者如何保护自己的权益@Axiao fei zhe ru he bao hu zi ji de quan yi@f李贵方,杨震华主编@Fli gui fang,yang zhen hua zhu bian
210    @a长春@c吉林人民出版社@d1999.09
215    @a164页@d19cm
300    @a大众法律书屋
606 0  @a法律@x中国
690    @aD92-44@v4
701  0 @a李贵方@Ali gui fang@4主编
701  0 @a杨震华@Ayang zhen hua@4主编
801  0 @aCN@bPFT@c20041018
905    @aBZT@dD92-44@e1@f6
    
    消费者如何保护自己的权益/李贵方,杨震华主编.-长春:吉林人民出版社,1999.09
    164页;19cm
    大众法律书屋
    
    ISBN 7-206-03322-9:CNY7.00
    
●
相关链接 在五车中查询图书 在当当中查询图书 在豆瓣中查询图书


正题名:消费者如何保护自己的权益     索取号:D92-44/1         预约/预借

序号 登录号 条形码 馆藏地/架位号 状态 备注
1 0369894   230082263   中心书库南/012架B面3层2列/ [索取号:D92-44/1] 在馆    
2 0369895   230082260   中心书库南/012架B面3层2列/ [索取号:D92-44/1] 在馆    
3 0369896   230082261   中心书库南/007架A面4层5列/ [索取号:D92-44/1] 在馆    
4 0369897   230082264   中心书库南/012架B面3层2列/ [索取号:D92-44/1] 在馆    
5 0369898   230082262   中心书库南/012架B面3层2列/ [索取号:D92-44/1] 在馆    
6 2001740228   2001740228   样本书库/样005架A面5层2列/ [索取号:D92-44/1] 在馆    
山东省滨州职业学院图书馆 欢迎您!
大连网信软件有限公司© 版权所有